<?xml version="1.0" encoding="UTF-8"?>
<record
    xmlns:xsi="http://www.w3.org/2001/XMLSchema-instance"
    xsi:schemaLocation="http://www.loc.gov/MARC21/slim http://www.loc.gov/standards/marcxml/schema/MARC21slim.xsd"
    xmlns="http://www.loc.gov/MARC21/slim">

  <leader>00364    a2200145   4500</leader>
  <controlfield tag="005">20250514123638.0</controlfield>
  <controlfield tag="008">240926b        |||||||| |||| 00| 0 eng d</controlfield>
  <datafield tag="020" ind1=" " ind2=" ">
    <subfield code="a">9781786330895</subfield>
  </datafield>
  <datafield tag="041" ind1=" " ind2=" ">
    <subfield code="a">English</subfield>
  </datafield>
  <datafield tag="100" ind1=" " ind2=" ">
    <subfield code="a">Garcia H.</subfield>
    <subfield code="9">205622</subfield>
  </datafield>
  <datafield tag="245" ind1=" " ind2=" ">
    <subfield code="a">Ikigai</subfield>
    <subfield code="c">: Japanese secret to long and happy life</subfield>
  </datafield>
  <datafield tag="260" ind1=" " ind2=" ">
    <subfield code="b">Hutchinson</subfield>
    <subfield code="c">2017</subfield>
  </datafield>
  <datafield tag="300" ind1=" " ind2=" ">
    <subfield code="a">194</subfield>
  </datafield>
  <datafield tag="942" ind1=" " ind2=" ">
    <subfield code="c">BK</subfield>
  </datafield>
  <datafield tag="999" ind1=" " ind2=" ">
    <subfield code="c">356969</subfield>
    <subfield code="d">356969</subfield>
  </datafield>
  <datafield tag="952" ind1=" " ind2=" ">
    <subfield code="0">0</subfield>
    <subfield code="1">0</subfield>
    <subfield code="2">ddc</subfield>
    <subfield code="4">0</subfield>
    <subfield code="7">0</subfield>
    <subfield code="a">CCEP</subfield>
    <subfield code="b">CCEP</subfield>
    <subfield code="d">2024-02-10</subfield>
    <subfield code="e">149</subfield>
    <subfield code="g">440.00</subfield>
    <subfield code="l">20</subfield>
    <subfield code="o">820.1 GAR</subfield>
    <subfield code="p">CCEP-BK-66192</subfield>
    <subfield code="q">2026-04-15</subfield>
    <subfield code="r">2026-03-31 15:14:37</subfield>
    <subfield code="s">2026-03-31</subfield>
    <subfield code="v">550.00</subfield>
    <subfield code="w">2024-02-10</subfield>
    <subfield code="y">BK</subfield>
  </datafield>
  <datafield tag="952" ind1=" " ind2=" ">
    <subfield code="0">0</subfield>
    <subfield code="1">0</subfield>
    <subfield code="2">ddc</subfield>
    <subfield code="4">0</subfield>
    <subfield code="7">0</subfield>
    <subfield code="a">CCEP</subfield>
    <subfield code="b">CCEP</subfield>
    <subfield code="d">2025-01-25</subfield>
    <subfield code="e">63</subfield>
    <subfield code="g">440.00</subfield>
    <subfield code="l">25</subfield>
    <subfield code="o">820.1 GAR</subfield>
    <subfield code="p">CCEP-BK-68057</subfield>
    <subfield code="r">2026-05-16 10:02:16</subfield>
    <subfield code="s">2026-04-04</subfield>
    <subfield code="v">550.00</subfield>
    <subfield code="w">2025-01-25</subfield>
    <subfield code="y">BK</subfield>
  </datafield>
  <datafield tag="952" ind1=" " ind2=" ">
    <subfield code="0">0</subfield>
    <subfield code="1">0</subfield>
    <subfield code="2">ddc</subfield>
    <subfield code="4">0</subfield>
    <subfield code="7">0</subfield>
    <subfield code="a">CCEP</subfield>
    <subfield code="b">CCEP</subfield>
    <subfield code="d">2025-01-25</subfield>
    <subfield code="e">63</subfield>
    <subfield code="g">440.00</subfield>
    <subfield code="l">23</subfield>
    <subfield code="o">820.1 GAR</subfield>
    <subfield code="p">CCEP-BK-68058</subfield>
    <subfield code="r">2026-05-13 04:59:08</subfield>
    <subfield code="s">2026-03-27</subfield>
    <subfield code="v">550.00</subfield>
    <subfield code="w">2025-01-25</subfield>
    <subfield code="y">BK</subfield>
  </datafield>
</record>
